Statistics for Harry Potter quiz

Click here to take the quiz!

General Stats

  • This quiz has been taken 21 times
    (14 since last reset)
  • The average score is 13 of 15

Answer Stats

HintAnswer% Correct
How many brothers does Ron have?5
100%
Who is the headmaster?Albus Dumbledore
100%
How old are they in Harry potter and the half blood prince?16
92%
Where was Harry potters mum and dad killed?Godricks hollow
92%
Who kills the snake Nagini?Neville Longbottom
92%
Who is the potions master in the first year?Professor snape
92%
Who kills Dumbledore?Professor snape
92%
Who are Harry's best friends?Ron and Hermione
92%
What is the name of the sword that Harry pulls out of the sorting hat?The sword of godrick Gryffindor
92%
What are Voldemort's forces called?Death Eaters
85%
What are Hermione's parents?Dentists
85%
Who does Harry try and get a memory from?Professor Slughorn
77%
What is the name of the station at kings cross that takes the children to school?9 and 3/4
69%
Who nocked down the door to the hut on the cave in the philosophers stone?Hagrid
69%
Who is Harry Potters arch enemy at Hogwarts school?Malfoy
69%

Score Distribution

Percentile by Number Answered

Percent of People with Each Score

Your Score History

You have not taken this quiz since the last reset